000 00643cam a2200205 i 4500
999 _c106762
_d106762
001 17221339
005 20180810115110.0
008 120321s2012 enk b 001 0 eng
020 _a9781107016446
040 _cPK-LaUMT
082 0 0 _a283.4209034
_223
_bOXF-
245 0 4 _aThe Oxford movement :
_bEurope and the wider world 1830-1930 /
_cedited by Stewart J. Brown and Peter B. Nockles
260 _aCambridge :
_bCambridge University Press,
_c2012
300 _axii, 273 p. ;
_c24 cm
650 0 _aOxford movement.
650 7 _aRELIGION / History.
700 1 _aBrown, Stewart J.
700 1 _aNockles, Peter Benedict,
942 _cBK